000 00238nam a2200109Ia 4500
008 190216s9999||||xx |||||||||||||| ||und||
100 _aNull
245 4 _aThe Fairs Of Faith
260 _bNew Week Books
650 _aEnglish
942 _cBK
999 _c12989
_d12989